| 000 | 00513nam a2200169 i 4500 | ||
|---|---|---|---|
| 001 | 141947 | ||
| 003 | ES-MaACL | ||
| 005 | 20230906200415.0 | ||
| 007 | t| | ||
| 008 | 071001s1943 sp af |||| | spa d | ||
| 100 | 1 |
_aWais San Martín, Francisco. _9115873 |
|
| 245 | 1 | 0 |
_aOrigen de los ferrocarriles españoles / _cpor Franciso Wais. |
| 260 |
_aMadrid : _b[s.n., _c1943?] |
||
| 300 |
_a280 p., 6 lám. : _bil. ; _c21 cm. |
||
| 650 | 4 |
_aFerrocarriles- _zEspaña- _vHistoria. _9165021 |
|
| 852 |
_aES-MaACL _jB-12824 |
||
| 999 |
_c141947 _d141947 |
||